00809nam a2200217 a 4500001001000000003000500010005001700015008004100032010001100073011001100084040000900095100003500104245010500139260004100244500006000285502008000345650003300425650003100458650003200489856007000521000115228CHAP20220329144524.0190115s2018 mx a sm |||||||spa d a111689 a112661 cCHAP1 aEstrada Cruz, Sonia Elizabeth.10aDefectos y daños en los árboles y las maderas /h[En línea]cpor Sonia Elizabeth Estrada Cruz. aChapingo, Méx. :bEl autor,c2018. aPara ver el contenido del material haga clic en la liga aTesis (Ing. Forestal Industrial) -- UACH. División de Ciencias Forestales14aMaderaxCortexEvaluación.14aMaderaxNormas de calidad.14aMaderaxPropiedades y usos. aFinding aiduhttp://10.13.5.2/tesis/sist115228.pdfzTeclea aquí